ბათუმის შოთა რუსთაველის სახელმწიფო უნივერსიტეტის ბიბლიოთეკა

კარტოფილის კულტურა საქართველოში / (ბიბ.ჩანაწერი № 44502)

000 -ლიდერი
ფიქსირებული სიგრძის საკონტროლო ველი 00854nam a2200205Ia 4500
001 - საკონტროლო ნომერი
საკონტროლო ველი 11300
003 - საკონტროლო ნომრის იდენტიფიკატორი
საკონტროლო ველი GE_BSU
005 - ბოლო ოპერაციის თარიღი და დრო
საკონტროლო ველი 20200203101622.0
008 - ფიქსირებული სიგრძის მონაცემთა ელემენტები - ზოგადი ინფორმაცია
ფიქსირებული სიგრძის საკონტროლო ველი 181216s||||||||xx |||||||||||||| ||und||
040 ## - კატალოგიზაციის წყარო
Transcribing agency GE_BSU
080 ## - უნივერსალური ათობითი კლასიფიკაციის ინდექსი
Universal Decimal Classification number 621.21(479.22)
100 ## - მთავარი ჩანაწერი - პიროვნების სახელი
Personal name ბადრიშვილი გ.
9 (RLIN) 6662
245 ## - ცნობა სათაურის შესახებ
Title კარტოფილის კულტურა საქართველოში /
Statement of responsibility, etc გ. ბადრიშვილი; რედ: დ. ნათიშვილი.
264 ## - წარმოების, გამოცემის, დისტრიბუციის და სხვა ცნობები
გამოცემის, წარმოების, დისტრიბუციის... ადგილი თბ. :
გამოცემის, წარმოების, დისტრიბუციის... სახელწოდება ცოდნა,
გამოცემის, წარმოების, დისტრიბუციის... თარიღი 1963
300 ## - ფიზიკური აღწერა
Extent 294 გვ.:
Other physical details ილ. ცხრ.;
Dimensions 24 სმ.
504 ## - BIBLIOGRAPHY, ETC. NOTE
Bibliography, etc ბიბლიოგრ: გვ. 291-294
653 ## - INDEX TERM--UNCONTROLLED
Uncontrolled term მეკარტოფილეობა საქართველოში
700 ## - ADDED ENTRY--PERSONAL NAME
Personal name ნათიშვილი, დ.
Relator term რედაქტორი
9 (RLIN) 6663
942 ## - ADDED ENTRY ELEMENTS (KOHA)
Koha item type წიგნი
Source of classification or shelving scheme
ეგზემპლარები
ჩამოწერის სტატუსი დაკარგული ეგზემპლარის სტატუსი კლასიფიკაციის წყარო ან თაროზე გაწყობის სქემა დაზიანების სტატუსი არ გაიცემა მუდმივი მდებარეობა (დაცვის ადგილი) ამჟამინდელი ადგილსამყოფელი თაროზე განთავსების ადგილი შეძენის თარიღი სრული შენახვის შიფრი შტრიხკოდი ბოლო ოპერაციის თარიღი ეგზემპლარის მიმდევრობითი ნომერი (კეტერი?) ფასის ძალაში შესვლის თარიღი ეგზემპლარის სახეობა
          ბათუმის შოთა რუსთაველის სახელმწიფო უნივერსიტეტის მთავარი ბიბლიოთეკა ბათუმის შოთა რუსთაველის სახელმწიფო უნივერსიტეტის მთავარი ბიბლიოთეკა წიგნსაცავი 2018-12-17 621.21(479.22) 19691 2018-12-17 19691 2018-12-17 წიგნი